පළාත් මධ්‍ය පුස්තකාල සංවර්ධනය : ශ්‍රී ලංකාවේ පළාත් පුස්තකාල සේවා මණ්ඩල පිළිබඳ අධ්‍යයනයක් ඇසුරෙනි /

Palath madya pusthakala sanvardhanaya
Saved in:
Bibliographic Details
Format: Book
Published: කොළඹ : ජාතික පුස්තකාල හා ප්‍රලේඛන සේවා මණ්ඩලය, 2017.
Tags: Add Tag
No Tags, Be the first to tag this record!

MARC

LEADER 00000nam a2200000 4500
003 LK-CoNLD
005 20251212095727.0
008 251212b |||||||| |||| 00| 0 ||| d
015 |2 slnb 
017 |b LK-CoDNA 
020 |a 9789557544212 
040 |a LK-CoNLD  |b SIN  |c LK-CoNLD  |d LK-CoNLD 
082 |2 23  |q LK-CoNLD 
245 |6 880-1  |a පළාත් මධ්‍ය පුස්තකාල සංවර්ධනය :  |b ශ්‍රී ලංකාවේ පළාත් පුස්තකාල සේවා මණ්ඩල පිළිබඳ අධ්‍යයනයක් ඇසුරෙනි /  |c විජය ප්‍රේමදර්ශන. 
260 |a කොළඹ :  |b ජාතික පුස්තකාල හා ප්‍රලේඛන සේවා මණ්ඩලය,  |c 2017. 
300 |a පි. 220 :ඡායාරූප ; 
880 |6 245-1  |a Palath madya pusthakala sanvardhanaya 
942 |c BOOK 
999 |c 295343  |d 295343 
945 |a 21055  |b M. G. D. NAWODA  |c 21055  |d M. G. D. NAWODA